| 000 | 00381cam a2200157ua 4500 | ||
|---|---|---|---|
| 020 | _a9780195694611 | ||
| 020 | _a0195694619 | ||
| 082 |
_a551.48 _bOJH/EN |
||
| 100 | _aOjha, C.S.P . | ||
| 245 | _aEngineering hydrology / | ||
| 260 |
_aNew Delhi : _bOxford University Press , _c2008. |
||
| 300 | _a ; . | ||
| 700 | 1 | _aBerndtsson, R . | |
| 700 | 1 | _aBhunya, P . | |
| 942 | _cBK | ||
| 999 |
_c13514 _d13514 |
||